<?xml version="1.0" encoding="UTF-8"?>
<record
    xmlns:xsi="http://www.w3.org/2001/XMLSchema-instance"
    xsi:schemaLocation="http://www.loc.gov/MARC21/slim http://www.loc.gov/standards/marcxml/schema/MARC21slim.xsd"
    xmlns="http://www.loc.gov/MARC21/slim">

  <leader>01163nam a22001817a 4500</leader>
  <controlfield tag="003">IT-RoPau</controlfield>
  <controlfield tag="005">20220918175937.0</controlfield>
  <controlfield tag="008">130109b        xxu||||| |||| 00| 0 eng d</controlfield>
  <datafield tag="040" ind1=" " ind2=" ">
    <subfield code="c">IT-RoPau</subfield>
  </datafield>
  <datafield tag="100" ind1=" " ind2=" ">
    <subfield code="a">Alberione [James] Giacomo</subfield>
    <subfield code="q">Fondatore Famiglia Paolina</subfield>
    <subfield code="9">132</subfield>
  </datafield>
  <datafield tag="245" ind1=" " ind2=" ">
    <subfield code="a">Mihi vivere Christus est. For Me To Live Is Christ.</subfield>
    <subfield code="b">Recollectionis of Primo Maestro, Founder to the Pauline Priests.  Notes and indexes by Rev Joseph Barb&#xE8;ro S.S.P.</subfield>
  </datafield>
  <datafield tag="250" ind1=" " ind2=" ">
    <subfield code="a">I</subfield>
  </datafield>
  <datafield tag="260" ind1=" " ind2=" ">
    <subfield code="a">Boston</subfield>
    <subfield code="b">FSP</subfield>
    <subfield code="c">1984</subfield>
  </datafield>
  <datafield tag="300" ind1=" " ind2=" ">
    <subfield code="a">128 p.</subfield>
    <subfield code="c">18,5 cm</subfield>
  </datafield>
  <datafield tag="490" ind1=" " ind2=" ">
    <subfield code="a">St. Paul Edition</subfield>
    <subfield code="v">I</subfield>
  </datafield>
  <datafield tag="520" ind1=" " ind2=" ">
    <subfield code="a">                                      Contents

Presentation
Dearest Brothers
Meditation I (1-21)
Meditation II (22-37)
Meditation III  (38-51)
Meditation IV  (52-73)
Meditation V  (74-87)
Meditation VI  ( 88-103)
Meditation VII  (104-117)
Meditation VIII  (118-132)
Meditation IX ( 133-145)
Meditation X  (146-158)
Meditation XI  (159-184)
Meditation XII (185-205)
Meditation  XIII  (206-219)
Meditation XIV (220-238)
Notes

                                               Indices

Alphabetical Index: Topics, Places,
     Person
Index of Biblical Citations  

</subfield>
  </datafield>
  <datafield tag="942" ind1=" " ind2=" ">
    <subfield code="2">ddc</subfield>
    <subfield code="c">BK</subfield>
  </datafield>
  <datafield tag="999" ind1=" " ind2=" ">
    <subfield code="c">37727</subfield>
    <subfield code="d">37727</subfield>
  </datafield>
  <datafield tag="952" ind1=" " ind2=" ">
    <subfield code="0">0</subfield>
    <subfield code="1">0</subfield>
    <subfield code="2">ddc</subfield>
    <subfield code="4">0</subfield>
    <subfield code="6">P_A8</subfield>
    <subfield code="7">1</subfield>
    <subfield code="a">PAULUS</subfield>
    <subfield code="b">PAULUS</subfield>
    <subfield code="d">2013-01-09</subfield>
    <subfield code="l">0</subfield>
    <subfield code="o">P A8</subfield>
    <subfield code="r">2013-01-09 00:00:00</subfield>
    <subfield code="w">2013-01-09</subfield>
    <subfield code="y">BK</subfield>
  </datafield>
  <datafield tag="952" ind1=" " ind2=" ">
    <subfield code="0">0</subfield>
    <subfield code="1">0</subfield>
    <subfield code="2">ddc</subfield>
    <subfield code="4">0</subfield>
    <subfield code="6">P_A8</subfield>
    <subfield code="7">1</subfield>
    <subfield code="a">PAULUS</subfield>
    <subfield code="b">PAULUS</subfield>
    <subfield code="d">2013-01-09</subfield>
    <subfield code="l">0</subfield>
    <subfield code="o">P A8</subfield>
    <subfield code="r">2013-01-09 00:00:00</subfield>
    <subfield code="w">2013-01-09</subfield>
    <subfield code="y">BK</subfield>
  </datafield>
</record>
